Manual práctico de la Ley Federal del Trabajo /

Gardado en:
Detalles Bibliográficos
Autor Principal: Saldaña, José P. (autor)
Formato: Libro
Idioma:Lingua castelá
Temas:
Etiquetas: Engadir etiqueta
Sen Etiquetas, Sexa o primeiro en etiquetar este rexistro!

MARC

LEADER 00000nam^a2200000^a^4500
001 000261258
005 20250521000000.0
009 20260310110505.671
037 |a Acervo Xavier Clavigero 
041 |a ESP 
082 |a 344. 7201  |b SAL 
100 |a Saldaña, José P.  |e (autor) 
245 1 0 |a Manual práctico de la Ley Federal del Trabajo /  |c J.P. Saldaña. 
264 |a Ciudad Victoria, México :  |b Gobierno del Estado de Tamaulipas, Talleres Litográficos,  |c 1934 
300 |a 155 p. 
336 |a texto  |b txt  |2 rdacontenido 
337 |a sin mediación  |b n  |2 rdamedio 
338 |a volumen  |b nc  |2 rdasoporte 
649 |a XX 
650 |a Derecho Laboral -  |z México -  |x Tema Principal 
650 |a Derecho Procesal Laboral -  |z México 
650 |a Derecho Social -  |z México 
650 |a Derecho Público -  |z México 
910 |a Fondo General 
920 |a Impresos - Libros 
930 |a Colección General 
905 |a 101 
901 |a 047689  |b IT1  |c ACC  |u 20250521 
902 |a https://opac.biblio.iteso.mx/vufind/Record/000261258